Red Commie Club - Statistics

General Stats
  • This quiz has been taken 12 times
  • The average score is 285 of 356
Answer Stats
Hint Answer % Correct
Lyric A
100%
Lyric Club!
100%
Lyric Commie
100%
Lyric I
100%
Lyric Red
100%
Lyric The
100%
Lyric ...The
100%
Lyric You
100%
Lyric 1943,
86%
Lyric Abandoned
86%
Lyric Am
86%
Lyric At
86%
Lyric Be
86%
Lyric Bloc!
86%
Lyric Bloc
86%
Lyric But
86%
Lyric By
86%
Lyric Done?!
86%
Lyric Eastern
86%
Lyric Failed
86%
Lyric Free.
86%
Lyric God,
86%
Lyric Gonna
86%
Lyric Haunt
86%
Lyric Have
86%
Lyric If
86%
Lyric I'm
86%
Lyric In
86%
Lyric Me
86%
Lyric Me.
86%
Lyric Me,
86%
Lyric Me!
86%
Lyric Now,
86%
Lyric On
86%
Lyric Only
86%
Lyric Protected
86%
Lyric Slightly
86%
Lyric Still
86%
Lyric Stronger
86%
Lyric They
86%
Lyric They're
86%
Lyric Uprisings,
86%
Lyric War,
86%
Lyric War
86%
Lyric Warsaw
86%
Lyric We
86%
Lyric West
86%
Lyric What
86%
Lyric Whole
86%
Lyric World
86%
Lyric World!
86%
Lyric All.
71%
Lyric All
71%
Lyric Always
71%
Lyric Back
71%
Lyric Belong
71%
Lyric Girl!
71%
Lyric Haunting
71%
Lyric Into
71%
Lyric Is
71%
Lyric Know...
71%
Lyric NATO,
71%
Lyric NATO
71%
Lyric Of
71%
Lyric One
71%
Lyric Put
71%
Lyric Scream
71%
Lyric Second
71%
Lyric To
71%
Lyric Vistula-Oder
71%
Lyric Was
71%
Lyric Where
71%
Lyric You're
71%
Lyric After
57%
Lyric Alone
57%
Lyric And
57%
Lyric Bad,
57%
Lyric Before.
57%
Lyric Bombs...
57%
Lyric Bright
57%
Lyric Communists
57%
Lyric Curtain
57%
Lyric Dreams
57%
Lyric Fight.
57%
Lyric Helped
57%
Lyric Iron
57%
Lyric It
57%
Lyric Left
57%
Lyric Liberate
57%
Lyric Lights
57%
Lyric Like
57%
Lyric Pact
57%
Lyric Partitioned
57%
Lyric Pulled
57%
Lyric Push
57%
Lyric Recurring
57%
Lyric Said
57%
Lyric Sometimes
57%
Lyric Stalingrad.
57%
Lyric That
57%
Lyric Tight
57%
Lyric Wants
57%
Lyric Were
57%
Lyric Winning
57%
Lyric Atomic
43%
Lyric Between
43%
Lyric Ending
43%
Lyric Made
43%
Lyric My
43%
Lyric Thing
43%
Lyric Us
43%
Lyric Away
29%
Lyric Cold
29%
Lyric Day
29%
Lyric Every
29%
Lyric Five
29%
Lyric Hear
29%
Lyric Maybe
29%
Lyric Miles
29%
Lyric Never
29%
Lyric Other
29%
Lyric Saying
29%
Lyric Thaws
29%
Lyric Thousand
29%
Lyric Transatlantic
29%
Lyric USSR.
29%
Lyric Voice
29%
Lyric Stuck
14%
Lyric With
14%
No matching quizzes found
Score Distribution
Percent of People with Each Score
Percentile by Number Answered
Your Score History
You have not taken this quiz